000 01009nam a2200265Ia 4500
003 OSt
005 20221005111157.0
006 a|||||r|||| 00| 0
007 ta
008 221004b |||||||| |||| 00| 0 hin d
020 _a9789350721445 (hbk)
_c395
024 _a11090
037 _b338, 20/03/2014, Vani Prakashan
_cTextual
040 _aCRL
_cCRL
_bhin
041 _2hin
_ahin
082 _aO152,6N383x, Q2
100 _aकालिया, रवीन्द्र
245 0 _aकामरेड मोनालिज़ा तथा अन्य संस्मरण
246 _aKāmareḍ monāliज़ā tathā anya sansmaraṇa
260 _aनई दिल्ली
_bवाणी प्रकाशन भारत
_c2012
300 _a232पृ0
_ccm.
650 _aहिन्दी साहित्य
942 _hO152,6N383x, Q2
_cTEXL
_2cc
999 _c1021051
_d1021051